Eastern Utah Libraries Catalog: Duchesne, Heber, Roosevelt, & Vernal

Bluegate Fields / (Record no. 297041)

MARC details
000 -LEADER
fixed length control field 03033cam a2200685 a 4500
001 - CONTROL NUMBER
control field ocn495545497
003 - CONTROL NUMBER IDENTIFIER
control field OCoLC
005 - DATE AND TIME OF LATEST TRANSACTION
control field 20200320202416.0
008 - FIXED-LENGTH DATA ELEMENTS--GENERAL INFORMATION
fixed length control field 091124r20091984nyuc 000 1 eng
010 ## - LIBRARY OF CONGRESS CONTROL NUMBER
LC control number 2009517901
019 ## -
-- 299706329
020 ## - INTERNATIONAL STANDARD BOOK NUMBER
International Standard Book Number 9780345514011
Qualifying information (trade pbk.)
020 ## - INTERNATIONAL STANDARD BOOK NUMBER
International Standard Book Number 0345514017
Qualifying information (trade pbk.)
020 ## - INTERNATIONAL STANDARD BOOK NUMBER
Terms of availability 16.00
029 1# - (OCLC)
OCLC library identifier AU@
System control number 000045062079
035 ## - SYSTEM CONTROL NUMBER
System control number (OCoLC)495545497
Canceled/invalid control number (OCoLC)299706329
040 ## - CATALOGING SOURCE
Original cataloging agency DLC
Language of cataloging eng
Transcribing agency DLC
Modifying agency BTCTA
-- YDXCP
-- ON8
-- OCLCA
-- OCLCQ
-- SINLB
-- BDX
-- OCLCA
-- OCLCF
-- OCLCO
-- INR
-- OCLCQ
-- WACOL
043 ## - GEOGRAPHIC AREA CODE
Geographic area code e-uk-en
049 ## - LOCAL HOLDINGS (OCLC)
Holding library WACL
050 00 - LIBRARY OF CONGRESS CALL NUMBER
Classification number PR6066.E693
Item number B55 2009
082 00 - DEWEY DECIMAL CLASSIFICATION NUMBER
Classification number 823/.914
Edition number 22
092 ## - LOCALLY ASSIGNED DEWEY CALL NUMBER (OCLC)
Classification number F
Item number Per
100 1# - MAIN ENTRY--PERSONAL NAME
Personal name Perry, Anne.
9 (RLIN) 57244
245 10 - TITLE STATEMENT
Title Bluegate Fields /
Statement of responsibility, etc Anne Perry.
250 ## - EDITION STATEMENT
Edition statement Ballantine books trade pbk. ed.
260 ## - PUBLICATION, DISTRIBUTION, ETC. (IMPRINT)
Place of publication, distribution, etc New York :
Name of publisher, distributor, etc Ballantine Books,
Date of publication, distribution, etc 2009.
300 ## - PHYSICAL DESCRIPTION
Extent 287 pages :
Other physical details portrait ;
Dimensions 21 cm.
336 ## - Content Type
Content type term text
337 ## - Media type
Media type term unmediated
338 ## - Carrier type
Carrier type term volume
490 1# - SERIES STATEMENT
Series statement Charlotte and Thomas Pitt novel
490 1# - SERIES STATEMENT
Series statement Mortalis
500 ## - GENERAL NOTE
General note Originally published: United States : St. Martin's Press, 1984.
520 ## - SUMMARY, ETC.
Summary, etc Inspector Thomas Pitt learns that a boy, clearly from the upper classes, has been found in the filthy dewers of Bluegate Fields, one of London's most dangerous slums. And the boy had been violated before he was murdered. The boy's family refuses to answer the police's questions, and the inspector begins to wonder what secrets it is trying to hide.
650 #0 - SUBJECT ADDED ENTRY--TOPICAL TERM
Topical term or geographic name as entry element Pitt, Charlotte (Fictitious character)
Form subdivision Fiction.
9 (RLIN) 5676070
650 #0 - SUBJECT ADDED ENTRY--TOPICAL TERM
Topical term or geographic name as entry element Pitt, Thomas (Fictitious character)
Form subdivision Fiction.
9 (RLIN) 5676071
650 #0 - SUBJECT ADDED ENTRY--TOPICAL TERM
Topical term or geographic name as entry element Women detectives
Geographic subdivision England
Form subdivision Fiction.
9 (RLIN) 5711077
650 #0 - SUBJECT ADDED ENTRY--TOPICAL TERM
Topical term or geographic name as entry element Police spouses
Geographic subdivision England
Form subdivision Fiction.
9 (RLIN) 5932451
650 #0 - SUBJECT ADDED ENTRY--TOPICAL TERM
Topical term or geographic name as entry element Police
Geographic subdivision England
Form subdivision Fiction.
9 (RLIN) 5674817
651 #0 - SUBJECT ADDED ENTRY--GEOGRAPHIC NAME
Geographic name London (England)
Form subdivision Fiction.
9 (RLIN) 5673622
650 #7 - SUBJECT ADDED ENTRY--TOPICAL TERM
Topical term or geographic name as entry element Pitt, Charlotte (Fictitious character)
Source of heading or term fast
-- (OCoLC)fst01064920
9 (RLIN) 5932452
650 #7 - SUBJECT ADDED ENTRY--TOPICAL TERM
Topical term or geographic name as entry element Pitt, Thomas (Fictitious character)
Source of heading or term fast
-- (OCoLC)fst01064922
9 (RLIN) 5932453
650 #7 - SUBJECT ADDED ENTRY--TOPICAL TERM
Topical term or geographic name as entry element Police.
Source of heading or term fast
-- (OCoLC)fst01068398
9 (RLIN) 5932454
650 #7 - SUBJECT ADDED ENTRY--TOPICAL TERM
Topical term or geographic name as entry element Police spouses.
Source of heading or term fast
-- (OCoLC)fst01068692
9 (RLIN) 5932455
650 #7 - SUBJECT ADDED ENTRY--TOPICAL TERM
Topical term or geographic name as entry element Women detectives.
Source of heading or term fast
-- (OCoLC)fst01177563
9 (RLIN) 5932456
651 #7 - SUBJECT ADDED ENTRY--GEOGRAPHIC NAME
Geographic name England.
Source of heading or term fast
-- (OCoLC)fst01219920
9 (RLIN) 5932457
651 #7 - SUBJECT ADDED ENTRY--GEOGRAPHIC NAME
Geographic name England
Geographic subdivision London.
Source of heading or term fast
-- (OCoLC)fst01204271
9 (RLIN) 5697968
655 #7 - INDEX TERM--GENRE/FORM
Genre/form data or focus term Fiction.
Source of term fast
-- (OCoLC)fst01423787
9 (RLIN) 5673940
655 #7 - INDEX TERM--GENRE/FORM
Genre/form data or focus term Mystery fiction.
Source of term gsafd
9 (RLIN) 5932458
655 #7 - INDEX TERM--GENRE/FORM
Genre/form data or focus term Historical fiction.
Source of term gsafd
9 (RLIN) 5932459
800 1# - SERIES ADDED ENTRY--PERSONAL NAME
Personal name Perry, Anne.
Title of a work Charlotte and Thomas Pitt novel.
9 (RLIN) 5715590
830 #0 - SERIES ADDED ENTRY--UNIFORM TITLE
Uniform title Mortalis.
9 (RLIN) 5932460
938 ## -
-- Brodart
-- BROD
-- 12156663
-- $15.00
938 ## -
-- Baker and Taylor
-- BTCP
-- BK0008168716
938 ## -
-- YBP Library Services
-- YANK
-- 3038335
942 ## - ADDED ENTRY ELEMENTS (KOHA)
Koha item type BOOK
948 ## - LOCAL PROCESSING INFORMATION (OCLC); SERIES PART DESIGNATOR (RLIN)
Series part designator, SPT (RLIN) 02/06/2017
z (OCLC) Sirsi
994 ## -
-- C0
-- WACOL
996 ## -
-- 137912
-- 34301001485251
-- F
-- bk
-- wcl
-- i
-- 2
-- 16.00
-- amazon
-- Per
-- 02/07/2017
-- 11/27/2017
-- 11/20/2017
Holdings
Withdrawn status Lost status Source of classification or shelving scheme Damaged status Not for loan Collection code Home library Current library Shelving location Date acquired Source of acquisition Cost, normal purchase price Total Checkouts Total Renewals Full call number Barcode Date last seen Date checked out Cost, replacement price Price effective from Koha item type
    Dewey Decimal Classification     Fiction Wasatch County Library Wasatch County Library First Floor 02/07/2017 Amazon 16.00 8 7 F Perry 34301001485251 02/23/2025 01/17/2025 16.00 03/20/2020 BOOK
This project was made possible through a grant from the Institute of Museum and Library Service administered by the Utah State Library Division.

Wasatch County Library

  • 465 East 1200 South, Heber City, Utah 84032
  • Phone 435-654-1511 | Fax 435-654-6456

Hours

  • Monday - Friday 9:30 AM - 8:00 PM
  • Saturday 9:30 AM - 1:30 PM
  • Closed Sundays and Holidays